Normal view
MARC view
- INTERNET-COMPUTER NETWORK COMPUTER SCIENCE
Entry Topical Term
001 - CONTROL NUMBER
- control field: 77455
003 - CONTROL NUMBER IDENTIFIER
- control field: NUST
005 - DATE AND TIME OF LATEST TRANSACTION
- control field: 20210628205920.0
008 - FIXED-LENGTH DATA ELEMENTS
- fixed length control field: 210628|| aca||aabn | a|a d
040 ## - CATALOGING SOURCE
- Original cataloging agency: NUST
- Transcribing agency: NUST
150 ## - HEADING--TOPICAL TERM
- Topical term or geographic name entry element: INTERNET-COMPUTER NETWORK COMPUTER SCIENCE
670 ## - SOURCE DATA FOUND
- Source citation: Work cat.: (NUST): Hirshfield, Stuart Decker, Rick 77454, The analysis engine an introduction to computer science using the internet, 1998
